[Event "South FR-ch"]
[Site "Maikop"]
[Date "2018.03.28"]
[Round "5"]
[White "Najdin, Danil"]
[Black "Dobrovolsky, Oleg"]
[Result "0-1"]
[WhiteElo "2289"]
[BlackElo "2253"]
[PlyCount "114"]
[EventDate "2018.03.24"]
[EventType "swiss"]
[EventRounds "9"]
[EventCountry "RUS"]
[SourceTitle "EXT 2019"]
[Source "ChessBase"]
[SourceDate "2018.10.10"]
[SourceVersion "1"]
[SourceVersionDate "2018.10.10"]
[SourceQuality "1"]

1. e4 e6 2. d4 d5 3. Nd2 c5 4. exd5 exd5 5. Ngf3 Nf6 6. Bb5+ Bd7 7. Bxd7+ Nbxd7 8. 0-0 Be7 9. dxc5 Nxc5 10. Nb3 Nce4 11. Nfd4 Qd7 12. f3 Nd6 13. c3 0-0 14. Nc5 Qc8 15. Nd3 Nf5 16. Nxf5 Qxf5 17. Be3 Rfe8 18. Qd2 Bd6 19. Rad1 Bc7 20. Qf2 a5 21. Rd2 Nd7 22. Kh1 Ra6 23. g4 Qf6 24. Nc5 Nxc5 25. Bxc5 Rae6 26. Qg2 Bf4 27. Rxd5 Re2 28. Rf2 Re1+ 29. Rf1 Qc6 30. c4 g6 31. b3 Qc7 32. Bg1 R8e2 33. Rxe1 Rxe1 34. Qf2 Qe7 35. Rd8+ Kg7 36. Qd4+ Be5 37. Qd2 Rb1 38. Rd5 Qf6 39. Qe3 Bf4 40. Qf2 Qc3 41. Qe2 Qc1 42. Kg2 Qxg1+ 43. Kh3 Qc1 44. Qd3 Qb2 45. Qd4+ Qxd4 46. Rxd4 g5 47. Kg2 Rb2+ 48. Kf1 Rxa2 49. h4 h6 50. hxg5 hxg5 51. c5 Rc2 52. Rd7 Rxc5 53. Rxb7 Rc3 54. Ke2 Rc5 55. Rb6 Re5+ 56. Kf1 Bd2 57. Kg2 Bb4 0-1

[Event "South FR-ch"]
[Site "Maikop"]
[Date "2018.03.26"]
[Round "3"]
[White "Dobrovolsky, Oleg"]
[Black "Esipenko, Aleksandr"]
[Result "1-0"]
[WhiteElo "2253"]
[BlackElo "1939"]
[PlyCount "125"]
[EventDate "2018.03.24"]
[EventType "swiss"]
[EventRounds "9"]
[EventCountry "RUS"]
[SourceTitle "EXT 2019"]
[Source "ChessBase"]
[SourceDate "2018.10.10"]
[SourceVersion "1"]
[SourceVersionDate "2018.10.10"]
[SourceQuality "1"]

1. d4 d5 2. c4 e6 3. Nf3 Nf6 4. g3 b6 5. Bg2 Bb7 6. Nc3 Bd6 7. 0-0 0-0 8. Ne5 Ne4 9. Nd3 Nd7 10. cxd5 exd5 11. Nb5 Be7 12. Bf4 c6 13. Na3 f5 14. Rc1 h6 15. Qb3 Kh8 16. f3 Nef6 17. Be5 Kh7 18. Nf4 Qc8 19. Nb5 Nxe5 20. dxe5 Nd7 21. Ne6 Nc5 22. Nxc5 bxc5 23. Nd6 Bxd6 24. exd6 c4 25. Qa3 Qe6 26. Rfd1 Rfd8 27. e4 fxe4 28. fxe4 Rxd6 29. Rxc4 Rad8 30. Rcd4 a6 31. exd5 cxd5 32. Qd3+ Kh8 33. b4 Qe5 34. a4 Rb6 35. Rf4 Rf6 36. Rxf6 Qxf6 37. a5 Qd6 38. Qd4 Re8 39. Rc1 Qe7 40. h4 Qd7 41. Qf4 Rc8 42. Rxc8+ Qxc8 43. Qf7 Ba8 44. Qa7 Bb7 45. Kh2 Kh7 46. Qb6 Qc6 47. Qd4 Kh8 48. Qf4 Qd7 49. Bf1 Qe7 50. Qb8+ Kh7 51. Bd3+ g6 52. h5 Kg7 53. hxg6 Bc6 54. Qf4 Bb7 55. Qd4+ Kg8 56. Qh4 Qf8 57. Qf4 h5 58. Qxf8+ Kxf8 59. Kh3 Kg7 60. Kh4 Kh6 61. g4 hxg4 62. Kxg4 Kg7 63. Kf5 1-0

[Event "South FR-ch"]
[Site "Maikop"]
[Date "2018.03.24"]
[Round "1"]
[White "Dobrovolsky, Oleg"]
[Black "Onischenko, Leonid"]
[Result "0-1"]
[WhiteElo "2253"]
[BlackElo "1862"]
[PlyCount "152"]
[EventDate "2018.03.24"]
[EventType "swiss"]
[EventRounds "9"]
[EventCountry "RUS"]
[SourceTitle "EXT 2019"]
[Source "ChessBase"]
[SourceDate "2018.10.10"]
[SourceVersion "1"]
[SourceVersionDate "2018.10.10"]
[SourceQuality "1"]

1. d4 e6 2. c4 Nf6 3. g3 d5 4. Nf3 c6 5. Qc2 Be7 6. Bg2 0-0 7. 0-0 Nbd7 8. Nbd2 b6 9. e4 dxe4 10. Nxe4 Bb7 11. Rd1 Qc8 12. Bf4 Nxe4 13. Qxe4 Nf6 14. Qe2 Re8 15. Bh3 h6 16. Be3 Qc7 17. c5 Nd5 18. Rac1 Rad8 19. Bd2 bxc5 20. dxc5 Bf6 21. Qe1 Rd7 22. Ba5 Qb8 23. Rc2 Ba6 24. Nd4 Qc8 25. Rcd2 g6 26. Qe4 Kg7 27. Qc2 Bg5 28. f4 Bd8 29. Bxd8 Rexd8 30. Bg2 e5 31. Bxd5 Rxd5 32. Nf3 exf4 33. Qc3+ Kg8 34. Rxd5 cxd5 35. Rd4 fxg3 36. hxg3 Qh3 37. Qe1 Bb5 38. Rh4 Qf5 39. Nd4 Qd7 40. Rxh6 Re8 41. Qf2 Kg7 42. Qh2 Re1+ 43. Kg2 Re4 44. Rh7+ Kf6 45. Qh6 Qe8 46. Qg7+ Kg5 47. Nf3+ Kg4 48. Rh4+ Kf5 49. Nd4+ Kg5 50. Qh6+ Kf6 51. Rf4+ Rxf4 52. Qxf4+ Kg7 53. b4 Bd3 54. c6 Qe1 55. Qf2 Be4+ 56. Nf3 Qxb4 57. Kh2 Bxf3 58. Qxf3 Qc5 59. c7 Qxc7 60. Qxd5 Qc2+ 61. Kg1 Qc3 62. Kh2 a5 63. a4 Qc2+ 64. Kg1 Qxa4 65. Qe5+ Kh7 66. Qc7 Qd1+ 67. Kf2 Qd5 68. Qa7 Kg7 69. Kg1 Qf5 70. Qd4+ Qf6 71. Qa4 Qg5 72. Kg2 Qd5+ 73. Kg1 Kf6 74. Qf4+ Ke6 75. Qg4+ Kd6 76. Kh2 Qh5+ 0-1

[Event "Dvorkovich Memorial op"]
[Site "Taganrog"]
[Date "2017.01.13"]
[Round "1"]
[White "Dobrovolsky, Oleg"]
[Black "Gruntovskiy, Platon"]
[Result "1-0"]
[WhiteElo "2285"]
[BlackElo "1483"]
[PlyCount "61"]
[EventDate "2017.01.13"]
[EventType "swiss"]
[EventRounds "9"]
[EventCountry "RUS"]
[SourceTitle "CBM 176 Extra"]
[Source "ChessBase"]
[SourceDate "2017.03.02"]
[SourceVersion "1"]
[SourceVersionDate "2017.03.02"]
[SourceQuality "1"]

1. d4 Nf6 2. c4 g6 3. g3 Bg7 4. Bg2 0-0 5. Nc3 d6 6. Nf3 Nbd7 7. 0-0 c5 8. d5 Nb6 9. Qd3 Nbd7 10. h3 Ne8 11. Bg5 f6 12. Be3 Ne5 13. Nxe5 fxe5 14. Qd2 Nf6 15. Kh2 a6 16. a3 Rb8 17. b4 b6 18. Rab1 Bf5 19. Rb2 Qc7 20. g4 Bd7 21. Rfb1 a5 22. bxa5 bxa5 23. Ne4 Nxe4 24. Bxe4 a4 25. Kg2 Rxb2 26. Qxb2 Qc8 27. f3 h5 28. Qb7 hxg4 29. hxg4 Bxg4 30. Qxe7 Bf5 31. Rb7 1-0

[Event "Rostov Region-ch op"]
[Site "Rostov on Don"]
[Date "2011.10.20"]
[Round "4.7"]
[White "Dobrovolsky, Oleg"]
[Black "Rasskazov, Viktor"]
[Result "1-0"]
[WhiteElo "2271"]
[BlackElo "2002"]
[PlyCount "125"]
[EventDate "2011.10.20"]
[EventType "swiss"]
[EventRounds "9"]
[EventCountry "RUS"]
[SourceTitle "EXT 2022"]
[Source "ChessBase"]
[SourceDate "2021.10.06"]
[SourceVersion "1"]
[SourceVersionDate "2021.10.06"]
[SourceQuality "1"]

1. d4 d5 2. c4 e6 3. Nc3 Nf6 4. Nf3 Nbd7 5. Bg5 c6 6. e3 Qa5 7. Nd2 Bb4 8. Qc2 0-0 9. Be2 dxc4 10. Bxf6 Nxf6 11. Nxc4 Qc7 12. 0-0 Bd7 13. a3 Bd6 14. Nxd6 Qxd6 15. Rfd1 e5 16. Ne4 Nxe4 17. Qxe4 exd4 18. Rxd4 Qe6 19. Qh4 Rae8 20. Bd3 h6 21. Rd1 Bc8 22. Bb1 Qe7 23. Qh5 Qg5 24. Qxg5 hxg5 25. Ba2 Re5 26. h3 Rfe8 27. Kh2 a5 28. Kg3 g6 29. Rd6 Kg7 30. R1d2 R8e7 31. Rd8 Bf5 32. Ra8 Kf6 33. Ra7 Be6 34. Bb1 b6 35. Ra8 Rd7 36. Rd8 Rxd8 37. Rxd8 Rb5 38. Rd2 a4 39. Be4 Rc5 40. Rc2 Bc4 41. f4 Ke7 42. fxg5 Rxg5+ 43. Kf4 Rc5 44. h4 Kd6 45. g4 b5 46. Rh2 Bd5 47. Bd3 Bc4 48. Bb1 g5+ 49. hxg5 Be6 50. Bf5 Rc4+ 51. e4 Rc1 52. Rd2+ Ke7 53. g6 fxg6 54. Bxg6 c5 55. Bf5 b4 56. Ke5 Bb3 57. Rd7+ Ke8 58. Rc7 bxa3 59. bxa3 Kd8 60. Rd7+ Ke8 61. Kf6 c4 62. Rc7 Rd1 63. e5 1-0

[Event "Dvorkovich Memorial op 6th"]
[Site "Taganrog"]
[Date "2011.08.07"]
[Round "7"]
[White "Dobrovolsky, Oleg"]
[Black "Kuzovlev, Mikhail"]
[Result "0-1"]
[WhiteElo "2282"]
[BlackElo "2132"]
[PlyCount "46"]
[EventDate "2011.08.01"]
[EventType "swiss"]
[EventRounds "9"]
[EventCountry "RUS"]
[SourceTitle "CBM 144 Extra"]
[Source "ChessBase"]
[SourceDate "2011.10.28"]
[SourceVersion "1"]
[SourceVersionDate "2011.10.28"]
[SourceQuality "1"]

1. b3 e5 2. Bb2 Nc6 3. e3 Nge7 4. Nf3 Ng6 5. Bb5 e4 6. Ng1 Qg5 7. Bf1 d5 8. f4 Qe7 9. Ne2 Bg4 10. Qc1 0-0-0 11. c3 Nh4 12. Ng3 Rg8 13. h3 Be6 14. Ne2 g5 15. Ba3 Qf6 16. Bxf8 Rdxf8 17. Na3 gxf4 18. Nxf4 Ng6 19. g3 Nxf4 20. gxf4 Qh4+ 21. Kd1 Bg4+ 22. Be2 Bxe2+ 23. Kxe2 Qh5+ 0-1

[Event "Moscow op"]
[Site "Moscow"]
[Date "2011.01.10"]
[Round "7"]
[White "Dobrovolsky, Oleg"]
[Black "Kovtunenko, Alexandr"]
[Result "1-0"]
[WhiteElo "2294"]
[BlackElo "2213"]
[PlyCount "75"]
[EventDate "2011.01.03"]
[EventType "swiss"]
[EventRounds "9"]
[EventCountry "RUS"]
[SourceTitle "CBM 140 Extra"]
[Source "ChessBase"]
[SourceDate "2011.03.01"]
[SourceVersion "1"]
[SourceVersionDate "2011.03.01"]
[SourceQuality "1"]

1. d4 Nf6 2. c4 c5 3. d5 e6 4. Nc3 exd5 5. cxd5 d6 6. e4 g6 7. Bb5+ Nfd7 8. a4 a6 9. Be2 Bg7 10. Nf3 0-0 11. 0-0 Re8 12. Nd2 Nf6 13. f3 Nbd7 14. Nc4 Ne5 15. Ne3 h5 16. h3 Rb8 17. a5 Qe7 18. Na4 g5 19. Nb6 Nh7 20. Nxc8 Rbxc8 21. Nf5 Qd7 22. Bd2 Ng6 23. Bc3 Bxc3 24. bxc3 Nf4 25. Bc4 h4 26. Rb1 Re5 27. Qc2 Nf6 28. Rfd1 Qc7 29. Qb3 Qxa5 30. Nxd6 b5 31. Nxc8 bxc4 32. Qxc4 Qc7 33. Qxa6 Rxd5 34. Nd6 Rxd1+ 35. Rxd1 Qe7 36. Qc8+ Kh7 37. Qf5+ Kh6 38. Qxf4 1-0

[Event "Moscow op"]
[Site "Moscow"]
[Date "2011.01.08"]
[Round "5"]
[White "Lagashin, Pavel"]
[Black "Dobrovolsky, Oleg"]
[Result "0-1"]
[WhiteElo "2111"]
[BlackElo "2294"]
[PlyCount "60"]
[EventDate "2011.01.03"]
[EventType "swiss"]
[EventRounds "9"]
[EventCountry "RUS"]
[SourceTitle "CBM 140 Extra"]
[Source "ChessBase"]
[SourceDate "2011.03.01"]
[SourceVersion "1"]
[SourceVersionDate "2011.03.01"]
[SourceQuality "1"]

1. Nf3 d5 2. d4 Nc6 3. g3 Bf5 4. Bg2 e6 5. 0-0 Nb4 6. Na3 Be7 7. Bf4 Nf6 8. c3 Na6 9. Qb3 Qc8 10. Nh4 Bg4 11. f3 Bh5 12. e4 0-0 13. g4 dxe4 14. gxh5 Nxh5 15. Bg3 g5 16. Be5 gxh4 17. fxe4 f6 18. Bh3 Kh8 19. Bxe6 Qe8 20. Qxb7 Rb8 21. Qxa6 Qg6+ 22. Bg3 Nxg3 23. Rf2 Ne2+ 24. Kh1 Qxe4+ 25. Rg2 Nf4 26. Rag1 h3 27. Bxh3 Nxh3 28. Qe2 Qxe2 29. Rxe2 Nxg1 30. Rxe7 Rg8 0-1

[Event "Moscow op"]
[Site "Moscow"]
[Date "2011.01.06"]
[Round "4"]
[White "Dobrovolsky, Oleg"]
[Black "Spichkin, Alexander"]
[Result "0-1"]
[WhiteElo "2294"]
[BlackElo "2190"]
[PlyCount "124"]
[EventDate "2011.01.03"]
[EventType "swiss"]
[EventRounds "9"]
[EventCountry "RUS"]
[SourceTitle "CBM 140 Extra"]
[Source "ChessBase"]
[SourceDate "2011.03.01"]
[SourceVersion "1"]
[SourceVersionDate "2011.03.01"]
[SourceQuality "1"]

1. b3 e5 2. Bb2 Nc6 3. e3 Nf6 4. Bb5 Bd6 5. Na3 Na5 6. Bf1 a6 7. Ne2 Qe7 8. Qc1 b5 9. Ng3 g6 10. c4 b4 11. Nc2 c5 12. d3 Bb7 13. e4 h5 14. Be2 h4 15. Nf1 Nh5 16. Nce3 Nf4 17. Qd2 Nc6 18. g3 hxg3 19. fxg3 Nxe2 20. Nd5 Ned4 21. Nxe7 Nf3+ 22. Ke2 Nxd2 23. Nxc6 Nxf1 24. Na5 Bc8 25. Raxf1 Bc7 26. a3 Bxa5 27. axb4 Bc7 28. bxc5 Rb8 29. Kd2 Rxb3 30. Kc2 Rb8 31. Ba3 Ke7 32. h4 Ke6 33. g4 Bb7 34. Rf3 Bc6 35. h5 Ba4+ 36. Kc1 Bd8 37. Bb2 Bg5+ 38. Kb1 Bf4 39. Ka2 gxh5 40. gxh5 Rhg8 41. Rf2 Be3 42. Re2 Bb3+ 43. Ka1 Bxc5 44. h6 Rg1+ 45. Rxg1 Bxg1 46. Rg2 Be3 47. Rh2 Rh8 48. h7 d6 49. Ba3 a5 50. Kb2 a4 51. Kc3 Bd4+ 52. Kd2 Bc5 53. Bb2 Kf6 54. d4 exd4 55. Kd3 a3 56. Bxd4+ Bxd4 57. Kxd4 a2 58. Rf2+ Ke6 59. Rf1 Rxh7 60. Kc3 Rh3+ 61. Kb4 Bc2 62. Ra1 Bb1 0-1

[Event "Rostov-ch"]
[Site "Rostov on Don"]
[Date "2010.??.??"]
[Round "4"]
[White "Dobrovolsky, Oleg"]
[Black "Petrov, Artur"]
[Result "1/2-1/2"]
[WhiteElo "2294"]
[BlackElo "2389"]
[PlyCount "130"]
[EventDate "2010.11.21"]
[EventType "swiss"]
[EventRounds "9"]
[EventCountry "RUS"]
[SourceTitle "EXT 2012"]
[Source "ChessBase"]
[SourceDate "2011.11.24"]
[SourceVersion "1"]
[SourceVersionDate "2011.11.24"]
[SourceQuality "1"]

1. Nf3 Nf6 2. d4 d6 3. Nc3 d5 4. Bf4 Bf5 5. Ne5 e6 6. e3 h6 7. Bd3 Bxd3 8. cxd3 c6 9. 0-0 Nbd7 10. Rc1 Be7 11. Na4 Qa5 12. a3 Nxe5 13. Bxe5 Qd8 14. Qb3 Qc8 15. Nc5 b6 16. Na4 0-0 17. Bxf6 Bxf6 18. Qc2 Qa6 19. b4 Rac8 20. Qb3 Qb7 21. Rc2 Qd7 22. Rfc1 e5 23. dxe5 Bxe5 24. d4 Bb8 25. Nb2 b5 26. Nd3 Bd6 27. Rc3 Rc7 28. Qd1 Rfc8 29. Qh5 Qe6 30. Qf3 f5 31. Nc5 Bxc5 32. Rxc5 Rf7 33. h4 g5 34. Qg3 Rg7 35. Qe5 Qxe5 36. dxe5 Rgc7 37. hxg5 hxg5 38. Kh2 f4 39. exf4 gxf4 40. Kh3 f3 41. g4 Kf7 42. Kg3 Ke6 43. Kxf3 Rf8+ 44. Kg3 Rcf7 45. Rxc6+ Kxe5 46. Re1+ Kd4 47. g5 Rf3+ 48. Kg4 R8f4+ 49. Kh5 Rh3+ 50. Kg6 Rxf2 51. Kg7 Rg2 52. g6 Rxa3 53. Rd1+ Rd3 54. Ra1 Rc3 55. Rf6 Kc4 56. Rxa7 Kxb4 57. Rd7 Rcg3 58. Rxd5 Kc4 59. Rd8 b4 60. Rc8+ Kb3 61. Rb6 Rg4 62. Rcb8 Kc3 63. R8b7 Kc2 64. Rc7+ Kb2 65. Kh7 Kb3 1/2-1/2

[Event "Rostov-ch"]
[Site "Rostov on Don"]
[Date "2010.??.??"]
[Round "2"]
[White "Dobrovolsky, Oleg"]
[Black "Rasstriguine, Andrei"]
[Result "1-0"]
[WhiteElo "2294"]
[BlackElo "2080"]
[PlyCount "60"]
[EventDate "2010.11.21"]
[EventType "swiss"]
[EventRounds "9"]
[EventCountry "RUS"]
[SourceTitle "EXT 2012"]
[Source "ChessBase"]
[SourceDate "2011.11.24"]
[SourceVersion "1"]
[SourceVersionDate "2011.11.24"]
[SourceQuality "1"]

1. d4 Nf6 2. c4 e6 3. a3 d5 4. cxd5 exd5 5. Bg5 c6 6. e3 Qa5+ 7. Qd2 Qxd2+ 8. Nxd2 Be7 9. Bd3 Be6 10. b4 a5 11. b5 Nbd7 12. bxc6 bxc6 13. Ngf3 0-0 14. Ne5 Rfc8 15. Ke2 h6 16. Nxd7 Bxd7 17. Bh4 c5 18. dxc5 Rxc5 19. Rhb1 Ba4 20. Rb7 Kf8 21. Rab1 g6 22. R1b6 Rc6 23. Nb1 Rac8 24. f3 Bc2 25. Rxc6 Rxc6 26. Rb8+ Kg7 27. Rb5 Bxb1 28. Bxb1 Bxa3 29. Rxa5 Be7 30. Be1 Bd6 1-0

[Event "Rostov-ch"]
[Site "Rostov on Don"]
[Date "2010.??.??"]
[Round "3"]
[White "Inozemtsev, Arsen"]
[Black "Dobrovolsky, Oleg"]
[Result "1/2-1/2"]
[WhiteElo "2128"]
[BlackElo "2294"]
[PlyCount "86"]
[EventDate "2010.11.21"]
[EventType "swiss"]
[EventRounds "9"]
[EventCountry "RUS"]
[SourceTitle "EXT 2012"]
[Source "ChessBase"]
[SourceDate "2011.11.24"]
[SourceVersion "1"]
[SourceVersionDate "2011.11.24"]
[SourceQuality "1"]

1. e4 e6 2. d4 d5 3. Nc3 a6 4. Nf3 Nf6 5. Bg5 Be7 6. exd5 exd5 7. Be2 0-0 8. 0-0 Be6 9. Ne5 Nfd7 10. Bxe7 Qxe7 11. Nxd7 Nxd7 12. Bf3 Qd6 13. Qd2 Nf6 14. Rfe1 Bg4 15. Qd3 Rae8 16. Bxg4 Nxg4 17. Qg3 Qxg3 18. hxg3 Nf6 19. Re5 c6 20. Rae1 Rxe5 21. Rxe5 Re8 22. Rxe8+ Nxe8 23. Na4 Nd6 24. Kf1 Kf8 25. Ke2 Ke7 26. Nc5 Kf6 27. b3 Kf5 28. a4 a5 29. Kd3 h5 30. c3 b5 31. Nd7 Nb7 32. Nb8 bxa4 33. bxa4 Nd8 34. Na6 g5 35. Nc5 Kf6 36. Nb3 Nb7 37. c4 dxc4+ 38. Kxc4 Ke7 39. d5 Kd6 40. dxc6 Kxc6 41. f4 f6 42. Kd4 Kd6 43. Kc4 Kc6 1/2-1/2

[Event "Rostov-ch"]
[Site "Rostov on Don"]
[Date "2010.??.??"]
[Round "5"]
[White "Zakhartsov, Vladimir"]
[Black "Dobrovolsky, Oleg"]
[Result "0-1"]
[WhiteElo "2035"]
[BlackElo "2294"]
[PlyCount "145"]
[EventDate "2010.11.21"]
[EventType "swiss"]
[EventRounds "9"]
[EventCountry "RUS"]
[SourceTitle "EXT 2012"]
[Source "ChessBase"]
[SourceDate "2011.11.24"]
[SourceVersion "1"]
[SourceVersionDate "2011.11.24"]
[SourceQuality "1"]

1. e4 e6 2. d4 d5 3. Nd2 Nc6 4. Ngf3 Nf6 5. e5 Nd7 6. Bb5 a6 7. Ba4 b5 8. Bb3 Na5 9. c3 Nxb3 10. axb3 b4 11. c4 Be7 12. 0-0 0-0 13. Qe2 Bb7 14. c5 Nb8 15. Re1 Bc6 16. Nf1 Bb5 17. Qc2 Nc6 18. Ng3 f6 19. Qd1 Qe8 20. exf6 Bxf6 21. Bg5 Qf7 22. Bxf6 Qxf6 23. Qd2 Rae8 24. Ne5 Nxe5 25. Rxe5 Qf4 26. Qxf4 Rxf4 27. Rd1 g6 28. f3 Kf7 29. Kf2 Ra8 30. Ke3 Rf6 31. Ra1 h6 32. Ra5 g5 33. Nh5 Rf5 34. Ng3 Rf6 35. Nh1 Rf5 36. Nf2 Rxe5+ 37. dxe5 d4+ 38. Kd2 d3 39. Ng4 h5 40. Ne3 Rd8 41. Ra1 Rd4 42. Rf1 Ke7 43. g3 Kd7 44. f4 gxf4 45. Rxf4 Rxf4 46. gxf4 Kc6 47. f5 exf5 48. Nxf5 Kxc5 49. e6 Kd5 50. Ng7 Kd6 51. Nxh5 Kxe6 52. Nf4+ Kd6 53. Nxd3 c5 54. h4 Be8 55. Nf4 Ke5 56. Ke3 Bf7 57. h5 Bxb3 58. Nd3+ Kd6 59. Nf2 Bf7 60. h6 Bg6 61. Ne4+ Kd5 62. Ng5 Kc4 63. Kd2 Kb3 64. Kc1 c4 65. h7 Bxh7 66. Nxh7 Ka2 67. Kc2 c3 68. b3 a5 69. Nf6 a4 70. bxa4 b3+ 71. Kxc3 b2 72. Nd5 b1Q 73. Kc4 0-1

[Event "Novoshachtinsk op"]
[Site "Novoshachtinsk"]
[Date "2007.02.??"]
[Round "1"]
[White "Zimaeva, Darya"]
[Black "Dobrovolsky, Oleg"]
[Result "0-1"]
[WhiteElo "1897"]
[BlackElo "2327"]
[PlyCount "102"]
[EventDate "2007.02.??"]
[EventType "swiss"]
[EventRounds "9"]
[EventCountry "RUS"]
[SourceTitle "EXT 2010"]
[Source "ChessBase"]
[SourceDate "2010.11.25"]
[SourceVersion "1"]
[SourceVersionDate "2010.11.25"]
[SourceQuality "1"]

1. e4 e6 2. d3 b6 3. Nd2 Bb7 4. Ngf3 Nf6 5. g3 d5 6. e5 Nfd7 7. d4 c5 8. c3 Nc6 9. Bg2 cxd4 10. cxd4 Ba6 11. Bf1 Bxf1 12. Nxf1 Qc8 13. Qe2 Nb4 14. Ne3 Nxa2 15. 0-0 Nb4 16. Bd2 a5 17. Rfc1 Qa6 18. Qxa6 Nxa6 19. Nc2 Rb8 20. b4 Bxb4 21. Nxb4 Nxb4 22. Bxb4 axb4 23. Rab1 Ke7 24. Rxb4 Rhc8 25. Rxc8 Rxc8 26. Kf1 Rc2 27. Ke1 Ra2 28. Nd2 f6 29. f4 g5 30. h3 h5 31. fxg5 fxg5 32. g4 Ra3 33. Rb3 Rxb3 34. Nxb3 Kf7 35. Kd2 Nf8 36. Nc1 Ng6 37. Ne2 Nf4 38. gxh5 Nxe2 39. Kxe2 Kg7 40. Kd2 Kh6 41. Kc3 Kxh5 42. Kb4 Kh4 43. Kb5 Kxh3 44. Kxb6 g4 45. Kc6 g3 46. Kd6 g2 47. Kxe6 g1Q 48. Kxd5 Kg4 49. e6 Kf5 50. e7 Qe3 51. Kd6 Qe6+ 0-1